د يکھ ر ہے ہيں نين (Record no. 170932)

MARC details
000 -LEADER
fixed length control field 00688nam a22001937a 4500
005 - DATE AND TIME OF LATEST TRANSACTION
control field 20191230170249.0
010 ## - LCCN (DPL NO)
LC control number B-97784
020 ## - INTERNATIONAL STANDARD BOOK NUMBER
Terms of availability 70.00
International Standard Book Number -
035 ## - SYSTEM CONTROL NUMBER
System control number B-97784
037 ## - SOURCE OF ACQUISITION
Source of stock number/acquisition BPPD
082 ## - DEWEY DECIMAL CLASSIFICATION NUMBER
Classification number 842
100 ## - MAIN ENTRY--PERSONAL NAME
Personal name حبيب تنو ير
245 ## - TITLE STATEMENT
Title د يکھ ر ہے ہيں نين
Statement of responsibility, etc حبيب تنو ير
246 ## - VARYING FORM OF TITLE
Title proper/short title Dekh Rahe Hai Nain (Urdu)
Remainder of title by Habeeb Tanveer
260 ## - PUBLICATION, DISTRIBUTION, ETC. (IMPRINT)
Place of publication, distribution, etc Delhi
Date of publication, distribution, etc 2005 ء
Name of publisher, distributor, etc Educational Publishing House
270 ## - ADDRESS
Address 3108,Vakil Street,Kucha pandit,Lal Kuan
City Delhi
Telephone number 23216162
Postal code 110006
300 ## - PHYSICAL DESCRIPTION
Extent 94ص
Dimensions 22 cm(hb)
942 ## - ADDED ENTRY ELEMENTS (KOHA)
Source of classification or shelving scheme Dewey Decimal Classification
Item type Urdu Bks
Classification part 842
Call number suffix ح ب ی
Holdings
Withdrawn status Lost status Not for loan Collection code Home library Current library Date acquired Source of acquisition Cost, normal purchase price Full call number Barcode Copy number Cost, replacement price Koha item type
      Non-fiction Central Library Central Library 30/12/2019 BPPD/Ven. 70.00 842 ح ب ی B-97784 1 70.00 Urdu Bks

© Delhi Public Library
Hit Counter
free hit counter